000 00855nam a2200229 i 4500
001 146963
003 ES-MaACL
005 20250512063036.0
007 t|
008 070920s1972 sp ||||1| spa d
100 1 _aTrotsky, Leon,
_d1879-1940
_9240350
245 1 0 _aLenin /
_cLeon Trotsky ; prólogo de Jesús Pabón ; texto adicional de André Breton ; epílogo de Iñigo Moreno de Arteaga ; traducido por José Laín Entralgo.
260 _aBarcelona :
_bAriel,
_c[1972]
300 _a304 p. ;
_c22 cm.
600 1 4 _aLenin, Vladimir Il'ich,
_d1870-1924
_971523
700 1 _aPabón y Suárez de Urbina, Jesús,
_d1902-1976
_988103
700 1 _aMoreno de Arteaga, Iñigo.
_983355
700 1 _aLaín Entralgo, José.
_969679
852 _aES-MaACL
_jC-48410
_bR.84390
852 _aES-MaACL
_jC-55229
_bR.87931
999 _c146963
_d146963